Les plus grandes villes traversees par le Danube - Statistiques

Statistiques générales
  • Ce quiz a été pris 55 fois
  • Le résultat moyen est 6 sur 13
Statistiques - réponses
Population Pays Villes % Correct
1.756 m Hongrie Budapest
100%
1.897 m Autriche Vienne
98%
1.374 m Serbie Belgrade
90%
424,428 Slovaquie Bratislava
84%
289,128 Serbie Novi Sad
51%
203,012 Autriche Linz
49%
126,329 Allemagne Ulm
31%
136,981 Allemagne Ingolstadt
20%
286,530 Roumanie Galati
10%
152,610 Allemagne Regensbourg
10%
144,936 Bulgarie Ruse
10%
206,599 Roumanie Braila
8%
102,839 Roumanie Drobeta Turnu Severin
0%
Aucun quiz correspondant
Distribution des résultats
% des personnes avec chaque résultat
Percentile par nombre de réponses
Votre historique - résultats
Vous n’avez pas pris ce quiz